000 005530000a22001930004500
003 LK-CoMWRAF
005 20231106125606.0
008 230817t2006 ||||| |||| 00| 0 eng d
020 _a9551266137
040 _aLK-CoMWRAF
_dLK-CoMWRAF
_eLK-CoMWRAF
041 _aeng
082 _a954.93
_bYOG
100 _aYogasundram, Nath
245 _aA Comprehensive History of Sri Lanka from Prehistory to Tsunami
260 _aColombo:
_bVijitha Yapa,
_c2006
300 _a375 p.
_bBibliography and index included
650 _aSRI LANKA-History
942 _cBK
999 _c1211
_d1211